000 00479nam a2200181Ia 4500
001 8050
005 20260306160540.0
008 260306t2022||||xx |||||||||||||| ||spa||
041 _aESP
082 _a370.1
_bE354
100 _aEnkvist, Inger,
_eAUT
245 0 _aConocimiento en crisis :
_blas ideologías en la educación actual con ejemplos de Suecia
260 _c2022
300 _a174 páginas :
_c23 cm.
650 _aGEN
654 _aCED
942 _cLIB
_dJUS
_fJUS
_2ddc
_n
999 _c8050
_d8050